Optimal control by mathematical programming /
Guardado en:
| Autor Principal: | |
|---|---|
| Otros Autores: | |
| Formato: | Libro |
| Idioma: | English |
| Publicado: |
Englewood Cliffs, N.J. :
Prentice-Hall,
c1971.
|
| Series: | Instrumentation and controls series
Prentice-Hall electrical engineering series |
| Etiquetas: |
Agregar Etiqueta
Sin Etiquetas, Sea el primero en etiquetar este registro!
|
| LEADER | 00761cam a22002175 4500 | ||
|---|---|---|---|
| 001 | MAT.inmabb002069 | ||
| 008 | 710430s1971####njua#####b####001#0#eng#d | ||
| 005 | 20130313161209.0 | ||
| 245 | 1 | 0 | |a Optimal control by mathematical programming / |c Daniel Tabak, Benjamin C. Kuo. |
| 260 | |a Englewood Cliffs, N.J. : |b Prentice-Hall, |c c1971. | ||
| 300 | |a xiii, 237 p. : |b il. ; |c 24 cm. | ||
| 490 | 0 | |a Instrumentation and controls series | |
| 490 | 0 | |a Prentice-Hall electrical engineering series | |
| 504 | |a Incluye referencias bibliográficas. | ||
| 510 | 4 | |a MR, |c 53 #2432 | |
| 020 | |a 0136381065 | ||
| 100 | 1 | |a Tabak, Daniel, |d 1934- | |
| 700 | 1 | |a Kuo, Benjamin C., |d 1930- | |
| 084 | |a 93-02 (90Cxx) |2 msc2000 | ||
| 010 | |a 75137985 | ||
| 859 | |h 93 |i T112 |p A-3722 |b BIB. MATEMATICA | ||
